| 000 | 00430nam a22001457a 4500 | ||
|---|---|---|---|
| 003 | SGT | ||
| 082 |
_a617.3 _bE24K |
||
| 100 | _aKAKATI, EPSHITA | ||
| 245 | _aEFFICACY OF UPPER TRUNK PROPRIOCEPTIVE NEUROMUSCULAR FACILITATION IN COMPARISON WITH COMPLEX DECONGESTIVE THERAPY IN POST MASTECTOMY PATIENTS | ||
| 260 |
_aGURUGRAM _bSGT UNIVERSITY _c2024 |
||
| 300 | _a154 | ||
| 650 | _aORTHOPEDICS | ||
| 653 | _aMPT | ||
| 942 |
_2ddc _cTH |
||
| 999 |
_c32232 _d32232 |
||